<?xml version="1.0" encoding="UTF-8"?>
<marc:record xmlns:marc="http://www.loc.gov/MARC21/slim">
   <marc:leader>00000nam a2200000 a 4500</marc:leader>
   <marc:datafield ind1="1" ind2=" " tag="100">
      <marc:subfield code="a">Mair, Walter</marc:subfield>
      <marc:subfield code="4">aut</marc:subfield>
      <marc:subfield code="e">Verfasser/-in</marc:subfield>
   </marc:datafield>
   <marc:datafield ind1="0" ind2="0" tag="245">
      <marc:subfield code="a">Am Iseltrial</marc:subfield>
   </marc:datafield>
   <marc:datafield ind1="0" ind2="0" tag="245">
      <marc:subfield code="b">vom Mündungsfels zur Quelle im Eis</marc:subfield>
   </marc:datafield>
   <marc:datafield ind1="0" ind2="0" tag="245">
      <marc:subfield code="c">Mair, Walter</marc:subfield>
   </marc:datafield>
   <marc:datafield ind1=" " ind2="1" tag="264">
      <marc:subfield code="a">Lienz</marc:subfield>
      <marc:subfield code="b">Eigenverlag Walter Mair</marc:subfield>
   </marc:datafield>
   <marc:datafield ind1="1" ind2=" " tag="520">
      <marc:subfield code="a">Der Autor beschreibt auf rund 100 Seiten nicht nur die Route an sich, sondern macht auf Naturschauspiele, Kulturgüter und die nächsten lohnenden Rastplätze sowie Nächtigungsmöglichkeiten aufmerksam. Es gibt am Iseltrail in regelmäßigen Abständen Trinkwasserbrunnen, Aussichts-Plattformen und sogar ein Freiland-Klassenzimmer. Jede der insgesamt fünf Tagesetappen ist in vier bis fünf Stunden Gehzeit zu bewältigen. Kinder ab einem Alter von acht Jahren sind sicher unterwegs, weil es bis hinauf zum Gletscherkees keine exponierten Gefahrenstellen gibt.</marc:subfield>
   </marc:datafield>
   <marc:datafield ind1=" " ind2=" " tag="041">
      <marc:subfield code="a">ger</marc:subfield>
   </marc:datafield>
   <marc:datafield ind1=" " ind2=" " tag="300">
      <marc:subfield code="b">Illustrationen</marc:subfield>
   </marc:datafield>
   <marc:datafield ind1=" " ind2=" " tag="338">
      <marc:subfield code="a">Band</marc:subfield>
   </marc:datafield>
   <marc:datafield ind1=" " ind2=" " tag="300">
      <marc:subfield code="a">104 Seiten</marc:subfield>
   </marc:datafield>
</marc:record>
